Statistics for Can you guess the anime but with a bad description?

Click here to take the quiz!

General Stats

  • This quiz has been taken 62 times
    (59 since last reset)
  • The average score is 7 of 18

Answer Stats

HintAnswer% Correct
Light turns badDeath note
87%
Bonus: Seven Deadly PixlesSeven Deadly Sins/7ds
87%
16yr goes into a video game and turns into harem.Sword Art Online/sao
76%
A psychopath bear makes kids play amongusDanganronpa
61%
A powerless god does favors for 5 centsNoragami
61%
Blue blob becomes strongest anime characterThat time I got reincarnated as a slime
48%
Two siblings in love never loose.No game no life
46%
A kid dies and trys to make friends with a murderous angel.Angel Beats
41%
More complicated PokemonYuGiOh
41%
RImuru solos ___DBZ/Dragon ball Z
37%
A grown man goes back in time to save lolis.Erased
30%
A fatherless child becomes presidentNaruto
28%
177013Metamorphosis
22%
Suicide, helicopters, masks, and lesbians. This is just a fraction of the weird things in this anime.High rise invasion.
15%
Sales = 0%Bleach
13%
A broke outcast joins up with a godess but always has to get saved.Danmachi
9%
Fantasy characters fight for a wish.Fate stay/night
7%
Seven kings with gigantic swords fight for little to no reason.KK
2%

Score Distribution

Percentile by Number Answered

Percent of People with Each Score

Your Score History

You have not taken this quiz since the last reset